000 00904nam a2200229Ia 4500
003 GCL
005 20240530110105.0
008 140319s9999 xx 000 0 ara d
040 _aGCL /
_cGCL
082 0 4 _a811.009
_bم ظ
100 1 _aمحمد ابوالانوار
245 1 0 _aظاهرة الغموض فى التجربة الشعرية فى العصر الحديث : احتفالية الشاعر محمد حسن فقى /
_cمحمد ابوالانوار
260 _a[S.N] :
_bمؤسسة عاثى الثقافية الخيرية ،
_c1997
300 _a86 ص
490 _aالهيئة العامة للاستعلامات
_v0
650 0 4 _aالشعر العربى
650 0 4 _aالادب العربى
650 0 4 _aالشعر العربى المعاصر
650 0 4 _aالشعر العربى - العصر الحديث
700 1 _aابراهيم عبدالرحمن
942 _2ddc
_cBK
999 _c58434
_d58434